Estudios sobre el Congreso de la Repb︢lica de Colombia

Detalles Bibliográficos
Autor principal: Rettberg, Angelika
Otros Autores: Wills-Otero, Laura
Formato: eBook
Lenguaje:español
Publicado: Bogot:̀ Universidad de Los Andes (Colombia), 2016
Materias:
Acceso en línea:Acceso restringido

MARC

LEADER 00000nam a22000007a 4500
005 20190418215125.0
007 cr|||| ||||
008 190418s2016 co |||||s|||| 00||0 spa d
020 |a 978-958-774-454-5 
035 |a 23322 
040 |a vLex 
090 |c 8672  |d 8672 
100 1 |a Rettberg, Angelika 
245 1 0 |a Estudios sobre el Congreso de la Repb︢lica de Colombia  |h [Recurso electrn̤ico] /  |c Angelika Rettberg, Laura Wills-Otero 
256 |a Servicio en ln̕ea 
260 |a Bogot:̀  |b Universidad de Los Andes (Colombia),  |c 2016  
300 |a 1 recurso electrn̤ico 
506 1 |a Disponible solo en los productos indicados  |d vLex Global  |d vLex Global (Academic Edition, excluding Law Schools)  |d vLex Global (U.S. Academic Edition, Law Schools)  |d vLex Global (U.S. Academic Edition, excluding Law Schools)  |d vLex Global (Academic Edition, Law Schools) 
650 0 4 |a Derecho Constitucional  |z Colombia 
700 1 |a Wills-Otero, Laura 
740 0 |a vLex Libros (Servicio en ln̕ea) 
856 4 0 |u http://vlex.com/source/estudios-congreso-republica-colombia-23322  |z Acceso restringido 
942 |c BOOK 
999 0 |a Constitutional right